00221nam a2200097Ia 4500008004100000100001700041245001900058260003000077300000800107650000800115191201s2008 xx 000 0 und d aMITTAL, Abha 0aMicro Economic aN. DelhibTaxmann,sc2008 a272 aMBA